| 000 | 00941pam a2200265 a 4500 | ||
|---|---|---|---|
| 001 | 1559613 | ||
| 003 | NUST - PNEC | ||
| 005 | 20170116181134.0 | ||
| 008 | 920427s1993 nyua b 001 0 eng | ||
| 010 | _a 92016734 | ||
| 020 | _a0024248649 | ||
| 040 |
_aDLC _cLIBRARY _dDLC |
||
| 050 | 0 | 0 |
_aTK7881.2 _b.W43 1993 |
| 082 | 0 | 0 |
_a629.89 WEB _220 |
| 100 | 1 | _aWebb, John W. | |
| 245 | 1 | 0 |
_aIndustrial control electronics / _cJohn Webb, Kevin Greshock. |
| 250 | _a2nd ed. | ||
| 260 |
_aNew York : _bMerrill ; _aToronto : _bMaxwell Macmillan Canada ; _aNew York : _bMaxwell Macmillan International, _cc1993. |
||
| 300 |
_axvi, 666 p. : _bill. ; _c25 cm. |
||
| 504 | _aIncludes bibliographical references (p. 637-640) and index. | ||
| 650 | 0 |
_aElectronic control. _xEE/EL |
|
| 700 | 1 | _aGreshock, Kevin. | |
| 942 |
_2ddc _cBK |
||
| 999 |
_c70146 _d70146 |
||